Statistiques concernant Capitales mondiales contenant P

Cliquez ici pour prendre le quiz!

Statistiques générales

  • Ce quiz a été pris 529 fois
    (520 depuis la dernière actualisation)
  • Le résultat moyen est 21 sur 35

Statistiques - réponses

capitale% Correct
Paris
97%
Pékin
87%
Panama
82%
Prague
80%
Phnom Penh
76%
Port-au-Prince
74%
Pretoria
74%
Pristina
73%
Pyongyang
73%
Paramaribo
71%
Podgorica
68%
Port-d'Espagne
65%
Port-Louis
65%
Port Moresby
65%
Praia
64%
Porto-Novo
62%
Maputo
61%
Port-Vila
61%
Budapest
59%
Apia
58%
Tripoli
58%
Copenhague
57%
Kuala Lumpur
53%
Belmopan
52%
Palikir
50%
Singapour
50%
La Paz
49%
Skopje
49%
Kampala
47%
Taipei
47%
Tegucigalpa
47%
Thimphou
44%
Le Cap
40%
Naypyidaw
39%
Sri Jayawarde-
napura Kotte
31%

Distribution des résultats

Percentile par nombre de réponses

% des personnes avec chaque résultat

Votre développement - résultats

Vous n’avez pas pris ce quiz depuis la dernière actualisation